El sistema nervioso humano (Registro nro. 10554)
[ vista simple ]
| 000 -CABECERA | |
|---|---|
| Longitud fija campo de control | 01037nam a2200277 a 4500 |
| 001 - NÚMERO DE CONTROL | |
| Número de control | ES-MaREB01154918-5 |
| 003 - IDENTIFICADOR DELl NÚMERO DE CONTROL | |
| Identificador del número de control | OSt |
| 005 - FECHA Y HORA DE LA ÚLTIMA TRANSACCIÓN | |
| Fecha y hora de la última transacción | 20171101085221.0 |
| 008 - CÓDIGOS DE INFORMACIÓN DE LONGITUD FIJA | |
| Códigos de información de longitud fija | 110308s2000 espa e 001 0 spa d |
| 020 ## - NÚMERO INTERNACIONAL NORMALIZADO PARA LIBROS | |
| Número Internacional Normalizado para Libros (ISBN) | 970-10-2316-1 |
| 040 ## - FUENTE DE LA CATALOGACIÓN | |
| Centro transcriptor | BMC |
| 082 ## - NÚMERO DE LA CLASIFICACIÓN DECIMAL DEWEY | |
| Númeroo de clasificación | 611.8 |
| 100 1# - PUNTO DE ACCESO PRINCIPAL-NOMBRE DE PERSONA | |
| 9 (RLIN) | 19805 |
| Nombre de persona | Barr, Murray L. |
| Fechas asociadas al nombre | 1908-1995 |
| 245 13 - MENCIÓN DE TÍTULO | |
| Título | El sistema nervioso humano |
| Resto del título | : un punto de vista anatómico |
| Mención de responsabilidad, etc. | Barr ; John A. Kiernan ; traducción, Alejandro Sandoval Romero ; revisión técnica, Vicente Guerrero Juárez |
| 250 ## - MENCIÓN DE EDICIÓN | |
| Mención de edición | 7ª ed |
| 260 ## - PUBLICACIÓN, DISTRIBUCIÓN, ETC. (PIE DE IMPRENTA) | |
| Lugar de publicación, distribución, etc. | México, D.F. (etc.) |
| Nombre del editor, distribuidor, etc. | McGraw-Hill |
| Fecha de publicación, distribución, etc. | 2000 |
| 300 ## - DESCRIPCIÓN FÍSICA | |
| Extensión | 470 p. |
| Otras características físicas | il. bl. y n. |
| Dimensiones | 25 cm |
| Material anejo | + 1 disco compacto. |
| 500 ## - NOTA GENERAL | |
| Nota general | Índice alfabético: p. 453-470 |
| 504 ## - NOTA DE BIBLIOGRAFÍA, ETC | |
| Nota de bibliografía, etc. | Bibliografia al final de cada capítulo |
| 594 ## - NOTA AL TÍTULO Y MENCIÓN DE RESPONSABIBLIDAD | |
| Nota Al Título Y Mención De Responsabilidad | Traducción de: Barr's the human nervous system, 9th ed. |
| 650 24 - PUNTO DE ACCESO ADICIONAL DE MATERIA - TÉRMINO DE MATERIA | |
| Término de materia o nombre geográfico como elemento inicial | Neuroanatomía |
| 9 (RLIN) | 19606 |
| 700 1# - PUNTO DE ACCESO ADICIONAL - NOMBRE DE PERSONA | |
| Nombre de persona | Kiernan, John Alan |
| 9 (RLIN) | 19607 |
| 700 1# - PUNTO DE ACCESO ADICIONAL - NOMBRE DE PERSONA | |
| Nombre de persona | Sandoval Romero, Alejandro |
| 9 (RLIN) | 19610 |
| 700 1# - PUNTO DE ACCESO ADICIONAL - NOMBRE DE PERSONA | |
| Nombre de persona | Guerrero Juárez, Vicente |
| 9 (RLIN) | 19611 |
| 942 ## - ENTRADA DE ELEMENTOS AGREGADOS (KOHA) | |
| Fuente de clasificaión o esquema | Dewey Decimal Classification |
| Koha [por defecto] tipo de item | 1- Monografias |
| Parte de clasificación | prozim |
| Suprimido | Perdido | Fuente de clasificación o esquema | Estropeado | Restricciones de uso | No para préstamo | Código de colección | Localización permanente | Localización actual | Localización en estanter&íacute;as | Fecha adquisición | Fuente de adquisición | Número de inventario | Préstamos totales | Signatura completa | Código de barras | Fecha última consulta | Fecha último préstamo | Coste, precio reemplazado | Fecha del precio de reemplazo | Tipo de item de Koha |
|---|---|---|---|---|---|---|---|---|---|---|---|---|---|---|---|---|---|---|---|---|
| NULL | NULL | Dewey Decimal Classification | NULL | Préstamo en Sala | NULL | NULL | Biblioteca Miguel de Cervantes - UNICAES | Biblioteca Miguel de Cervantes - UNICAES | Sala Principal | 28/05/2014 | Donación - Facultad de Ciencias y Humanidades | 016726 | 5 | 611.8 BAR sis | 1017069 | 27/09/2019 | 27/09/2019 | 24.00 | 28/05/2014 | 1- Monografias |